000 00688nam a22002177a 4500
999 _c3519
_d3519
003 OSt
005 20211119105201.0
008 211119b ||||| |||| 00| 0 eng d
020 _a9780397551484
040 _cAlupe University
050 _aQV39
_b.K37 1996
100 _aKarch, Amy Morrison
245 _a1996 Lippincott's nursing drug guide/
_cAmy Morrison Karch
260 _aPhiladelphia :
_b Lippincott,
_c©1996.
300 _a xiv, 1308 pages ;
_c21 cm +
_e1 computer disc (3 1/2 in.) +
_f1 guide (1 sheet)
504 _aIncludes index
650 _aDrugs.
650 _a Drug Therapy -- nursing.
650 _aPharmaceutical Preparations.
942 _2lcc
_cBK
_nSO